000 00742nam a22001937a 4500
003 BD-DhSAU
005 20231210120638.0
008 231128b2023 bg a|||| |||| 001 0 beg d
020 _a9789843545015
040 _aBD-DhSAU
082 _222
_a658.404 H779
100 _aহক, শাহ মোহাঃ আকরামুল
_eকৃষিবিদ
245 _aপ্রকল্প ব্যবস্থাপনা / project management /
_c শাহ মোহাঃ আকরামুল হক
260 _aঢাকাঃ
_bকৃষি মন্ত্রলয়,
_c২০২৩
300 _a২৯২ প। ঃ
_bচিত্র;
_c২৫ সেমি।
590 _aroy
650 _aproject management
942 _2ddc
_cBOOK
999 _c17377
_d17376